Lebanon Quiz - Statistics

General Stats
  • This quiz has been taken 28 times
  • The average score is 7 of 10
Answer Stats
Question Answer % Correct
What is the official language of Lebanon? Arabic
96%
What is the capital of Lebanon? Beirut
96%
What is the tree featured on the Lebanese flag? Cedar
93%
What sea borders Lebanon? Mediterranean Sea
85%
What are the colors of the Lebanese flag? Red, white, green
74%
What is the oldest city in Lebanon? Byblos
63%
When did Lebanon gain its independence from France? 1943
59%
How many religious communities are there? 18
41%
What was Beirut once known as? Paris of the Middle East
41%
What is the national dish? Kibbeh
33%
No matching quizzes found
Score Distribution
Percent of People with Each Score
Percentile by Number Answered
Your Score History
You have not taken this quiz